000
00304nam a22001337a 4500
041
_a
ENG
100
_a
Kulp.K
245
_a
Handbook Of Cereal Science And Technology
250
_a
second Ed
260
_a
New Delhi
_b
Food Science
_c
2010
300
_a
790
650
_a
APE
856
_u
Not to be Issued
999
_c
2525
_d
2525